000 01134nas a2200361 4500
001 BR8401786
003 BR-BrBNA
005 20231205085855.0
007 ta
008 230509b bl.|||p| |||| 00| 00por d
040 _aBR-BrBNA
_bpor
_cBiblioteca Nacional de Agricultura
041 _a(Pt)
072 _aF25
100 1 _aRodella, A.A.
100 1 _aZambello Junior, E.
100 1 _aOrlando Filho, J.
245 1 _aVariacao da capacidade de troca cationica do solo em funcao do pH e niveis de carbono organico [cerrado, Brasil]
246 1 _a[Changes in cation-exchange capacity of soils as associated with pH and inorganic carbon levels [cerrado, Brazil]]
650 _aANALISE DO SOLO
650 _aCAPACIDADE DE TROCA
650 _aCATION
650 _aPH
650 _aCARBONO
650 _aCOMPOSTO ORGANICO
650 _aCARBONATO DE CALCIO
650 _aSOLO
650 _aVEGETACAO
650 _aCERRADO
650 _aCANA DE ACUCAR
773 0 _tSTAB (Brazil)
_xISSN 0102-1214
_g(May-Jun 1983), v. 1(5) p. 25-28
_wBR8401786
909 _a202311
_bLúcia
_c55
_dLúcia Elande
942 _2AGRIS
_n0
_cANA
999 _c114448
_d114448